| 000 | 00485nam a22001697a 4500 | ||
|---|---|---|---|
| 003 | OSt | ||
| 005 | 20220914192455.0 | ||
| 008 | 220914b |||||||| |||| 00| 0 eng d | ||
| 020 | _a2-9507136-2-9 | ||
| 040 | _cBiblioteca Lado V | ||
| 082 |
_a708.4 _bD824f |
||
| 100 | _aDucat, Philippe | ||
| 245 | _aFigures & Paysages/ | ||
| 260 |
_aFrancia _bCentre Rhénan d'Art Contemporain d'Alsace _c1997 |
||
| 300 |
_a107p. _c17x23cm |
||
| 942 |
_2ddc _c1 _h708.4 _iD824f _n0 |
||
| 999 |
_c2012 _d2012 |
||